[Event "Hoorn Romero op"]
[Site "Hoorn"]
[Date "2023.09.02"]
[Round "3"]
[White "Spaan, Nathanael"]
[Black "Wink, Luka"]
[Result "1-0"]
[WhiteElo "2110"]
[BlackElo "1934"]
[PlyCount "75"]
[EventDate "2023.09.01"]
[EventType "swiss"]
[EventRounds "6"]
[EventCountry "NED"]
[SourceTitle "EXT 2024"]
[Source "ChessBase"]
[SourceDate "2023.10.10"]
[SourceVersion "1"]
[SourceVersionDate "2023.10.10"]
[SourceQuality "1"]

1. e4 c5 2. Nf3 d6 3. d4 cxd4 4. Nxd4 Nf6 5. Nc3 g6 6. Be3 Bg7 7. f3 a6 8. Qd2 h5 9. 0-0-0 b5 10. Kb1 Bb7 11. Nb3 Nbd7 12. Bd4 Rc8 13. Qf2 Qc7 14. Bd3 0-0 15. Rhe1 Rfe8 16. a3 e6 17. h3 Nc5 18. g4 hxg4 19. hxg4 Nxd3 20. cxd3 Nd7 21. Rh1 Nc5 22. Nxc5 dxc5 23. Bxg7 Kxg7 24. Qd2 Rh8 25. d4 Qg3 26. dxc5 Rcd8 27. Qe3 Qg2 28. Rxh8 Rxh8 29. Qd4+ Kh7 30. Qf6 Rf8 31. Rd7 Qf1+ 32. Ka2 Bc6 33. Rxf7+ Rxf7 34. Qxf7+ Kh8 35. Qxe6 Ba8 36. Qe8+ Kh7 37. Qxa8 Qc4+ 38. Ka1 1-0

[Event "BEL-chT 1617"]
[Site "Belgium"]
[Date "2017.01.29"]
[Round "6.8"]
[White "Spaan, Nathanael"]
[Black "Deleyn, Gunter"]
[Result "1-0"]
[WhiteElo "2098"]
[BlackElo "2187"]
[PlyCount "169"]
[EventDate "2016.10.02"]
[EventType "team-tourn"]
[EventRounds "11"]
[EventCountry "BEL"]
[SourceTitle "EXT 2018"]
[Source "ChessBase"]
[SourceDate "2017.10.13"]
[SourceVersion "1"]
[SourceVersionDate "2017.10.13"]
[SourceQuality "1"]
[WhiteTeam "The Belgian CC"]
[BlackTeam "KGSRL"]
[WhiteTeamCountry "BEL"]
[BlackTeamCountry "BEL"]

1. e4 g6 2. d4 Bg7 3. Nc3 d6 4. Be3 a6 5. a4 Nf6 6. h3 0-0 7. Nf3 Nc6 8. Be2 e5 9. 0-0 exd4 10. Nxd4 Qe8 11. Nxc6 bxc6 12. Bf3 Rb8 13. Rb1 Nd7 14. Qd2 Ne5 15. Be2 c5 16. Bh6 Nc6 17. Bxg7 Kxg7 18. Bc4 Ne5 19. Be2 Nc6 20. Bd3 Nd4 21. f4 c6 22. b3 f6 23. Rbe1 Qd8 24. Ne2 Nxe2+ 25. Rxe2 Re8 26. Bc4 Qe7 27. e5 fxe5 28. fxe5 d5 29. e6 Bxe6 30. Bxa6 Qd6 31. Bd3 Rf8 32. Ref2 Rf7 33. Rxf7+ Bxf7 34. Qf2 Rb7 35. h4 Bg8 36. Qe1 Re7 37. Qc3+ d4 38. Qd2 Bd5 39. h5 Re3 40. h6+ Kxh6 41. Re1 Qe7 42. Rxe3 dxe3 43. Qe1 Qg5 44. Qf1 Kg7 45. a5 Be6 46. a6 c4 47. Bxc4 Qc5 48. Be2 Qxc2 49. a7 Qa2 50. Ba6 Bc4 51. Qxc4 Qa1+ 52. Qf1 Qd4 53. Qe2 Qxa7 54. g3 Qd4 55. Bc4 h5 56. Qd3 Qe5 57. Kg2 h4 58. Qd7+ Kh6 59. Qg4 Qb2+ 60. Kh3 hxg3 61. Qh4+ Kg7 62. Qe7+ Kh6 63. Qxe3+ Kg7 64. Qe7+ Kh6 65. Qh4+ Kg7 66. Qxg3 Qf6 67. Kg2 Kh6 68. Qf3 Qg5+ 69. Kh3 Qc5 70. Qf4+ Kg7 71. Qf7+ Kh6 72. Qf6 Qe3+ 73. Kg2 c5 74. Qf8+ Kg5 75. Qf3 Qe7 76. Kf2 Qa7 77. Qe3+ Kf6 78. Qe6+ Kg7 79. Qe5+ Kh6 80. Kg3 Kh7 81. Qf6 Qc7+ 82. Kh3 Kh6 83. Qh8+ Kg5 84. Qh4+ Kf5 85. Bd3+ 1-0

[Event "BEL-chT 1617"]
[Site "Belgium"]
[Date "2016.11.06"]
[Round "3.8"]
[White "De Gueldre, Philippe"]
[Black "Spaan, Nathanael"]
[Result "1-0"]
[WhiteElo "2199"]
[BlackElo "2098"]
[PlyCount "107"]
[EventDate "2016.10.02"]
[EventType "team-tourn"]
[EventRounds "11"]
[EventCountry "BEL"]
[SourceTitle "CBM 175 Extra"]
[Source "ChessBase"]
[SourceDate "2016.12.12"]
[SourceVersion "1"]
[SourceVersionDate "2016.12.12"]
[SourceQuality "1"]
[WhiteTeam "Liege Crelel"]
[BlackTeam "The Belgian CC"]
[WhiteTeamCountry "BEL"]
[BlackTeamCountry "BEL"]

1. d4 Nf6 2. c4 e6 3. Nf3 b6 4. g3 Bb7 5. Bg2 Be7 6. 0-0 0-0 7. Nc3 Ne4 8. Qc2 Nxc3 9. Qxc3 d6 10. b3 Nd7 11. Bb2 Nf6 12. Rfd1 Ne4 13. Qc2 f5 14. Rac1 Qe8 15. Nd2 Qg6 16. d5 Nxd2 17. Rxd2 e5 18. e3 Rae8 19. b4 f4 20. Qxg6 hxg6 21. exf4 exf4 22. gxf4 Bh4 23. Bd4 Rxf4 24. Be3 Rff8 25. c5 Bd8 26. Bh3 Re4 27. a3 bxc5 28. bxc5 Ra4 29. Rc3 dxc5 30. Be6+ Kh7 31. Bxc5 Rff4 32. Rb2 Ba6 33. Bb4 Bc4 34. Rh3+ Rh4 35. Rxh4+ Bxh4 36. Rc2 Bb5 37. Rxc7 Bf6 38. Rc5 a5 39. Be1 Be2 40. Rxa5 Re4 41. Bd2 Bf3 42. Rb5 Rd4 43. Rb3 Bh5 44. Be3 Rd1+ 45. Kg2 Be2 46. Rb4 g5 47. Bf5+ g6 48. Rb7+ Bg7 49. Be4 g4 50. Kg3 Rg1+ 51. Kf4 Kh6 52. Rb6 Kh5 53. Rxg6 Bh6+ 54. Ke5 1-0

[Event "BEL-chT 1516"]
[Site "Belgium"]
[Date "2016.04.24"]
[Round "11.7"]
[White "Allaert, Dimitri"]
[Black "Spaan, Nathanael"]
[Result "0-1"]
[WhiteElo "2142"]
[BlackElo "2119"]
[PlyCount "90"]
[EventDate "2015.09.27"]
[EventType "team-tourn"]
[EventRounds "11"]
[EventCountry "BEL"]
[SourceTitle "EXT 2017"]
[Source "ChessBase"]
[SourceDate "2016.10.25"]
[SourceVersion "1"]
[SourceVersionDate "2016.10.25"]
[SourceQuality "1"]
[WhiteTeam "Fontaine"]
[BlackTeam "TBCC"]
[WhiteTeamCountry "BEL"]
[BlackTeamCountry "BEL"]

1. d4 Nf6 2. c4 e6 3. g3 Be7 4. Bg2 d5 5. Nf3 0-0 6. 0-0 b6 7. cxd5 exd5 8. Nc3 Bb7 9. b3 Nbd7 10. Bb2 Re8 11. Rc1 a6 12. e3 Bd6 13. Qe2 Ne4 14. Nxe4 dxe4 15. Nd2 b5 16. Rfd1 Bd5 17. Nb1 Nf6 18. Nc3 Qd7 19. Rc2 Rab8 20. Rdc1 Rb6 21. Nb1 h5 22. Ba3 b4 23. Bb2 h4 24. Nd2 hxg3 25. hxg3 c6 26. Nc4 Rb5 27. Ne5 Bxe5 28. dxe5 Nh7 29. Qh5 Qd8 30. Bf1 Re6 31. Bxb5 axb5 32. Kg2 Rh6 33. Qg4 Be6 34. Rd1 Bxg4 35. Rxd8+ Nf8 36. f4 Bf3+ 37. Kg1 Rh1+ 38. Kf2 Rh2+ 39. Ke1 Rxc2 40. Bd4 c5 41. Rc8 Re2+ 42. Kf1 cxd4 43. f5 dxe3 44. e6 fxe6 45. fxe6 Rd2 0-1

[Event "BEL-chT 1516"]
[Site "Belgium"]
[Date "2016.04.17"]
[Round "10.6"]
[White "Coenen, Norbert"]
[Black "Spaan, Nathanael"]
[Result "0-1"]
[WhiteElo "2300"]
[BlackElo "2119"]
[PlyCount "74"]
[EventDate "2015.09.27"]
[EventType "team-tourn"]
[EventRounds "11"]
[EventCountry "BEL"]
[SourceTitle "EXT 2017"]
[Source "ChessBase"]
[SourceDate "2016.10.25"]
[SourceVersion "1"]
[SourceVersionDate "2016.10.25"]
[SourceQuality "1"]
[WhiteTeam "KSK Rochade"]
[BlackTeam "TBCC"]
[WhiteTeamCountry "BEL"]
[BlackTeamCountry "BEL"]

1. e4 c5 2. Nf3 d6 3. Bc4 e6 4. 0-0 Nf6 5. Re1 a6 6. Bb3 Be7 7. c3 0-0 8. d4 cxd4 9. cxd4 d5 10. e5 Nfd7 11. Nc3 Re8 12. Bf4 Nf8 13. Qd2 Nc6 14. Bc2 Na5 15. Bg5 Nc4 16. Qc1 Bd7 17. Bxe7 Qxe7 18. Bd3 Rec8 19. h4 Qb4 20. Bxc4 Rxc4 21. h5 h6 22. Qd2 Rac8 23. Kh2 Qe7 24. Rac1 Nh7 25. b3 R4c7 26. Ne2 Bb5 27. Rxc7 Rxc7 28. Nc3 Be8 29. Ne2 Qd8 30. Rc1 Qc8 31. Rxc7 Qxc7 32. g3 Bb5 33. Qc3 Qxc3 34. Nxc3 Be8 35. g4 Kf8 36. Kg3 Ke7 37. Kf4 f6 0-1

[Event "BEL-chT 1314"]
[Site "Belgium"]
[Date "2013.12.15"]
[Round "6.7"]
[White "Spaan, Nathanael"]
[Black "Van Herck, Marcel"]
[Result "1/2-1/2"]
[WhiteElo "2188"]
[BlackElo "2085"]
[PlyCount "48"]
[EventDate "2013.09.22"]
[EventType "team-tourn"]
[EventRounds "11"]
[EventCountry "BEL"]
[SourceTitle "EXT 2015"]
[Source "ChessBase"]
[SourceDate "2014.11.20"]
[SourceVersion "1"]
[SourceVersionDate "2014.11.20"]
[SourceQuality "1"]
[WhiteTeam "Anderlecht"]
[BlackTeam "Deurne"]
[WhiteTeamCountry "BEL"]
[BlackTeamCountry "BEL"]

1. e4 e5 2. Nf3 Nc6 3. Bb5 g6 4. d4 exd4 5. Bg5 Be7 6. Bxe7 Ngxe7 7. Nxd4 d5 8. Nc3 dxe4 9. Bxc6+ Nxc6 10. Nxc6 Qxd1+ 11. Rxd1 bxc6 12. Nxe4 Bf5 13. 0-0 Bxe4 14. Rfe1 f5 15. f3 Ke7 16. fxe4 f4 17. Kf2 Rad8 18. Kf3 g5 19. Rxd8 Rxd8 20. Re2 Ke6 21. h4 h6 22. hxg5 hxg5 23. Kg4 Ke5 24. c3 Rd3 1/2-1/2

[Event "BEL-chT 1314"]
[Site "Belgium"]
[Date "2013.10.13"]
[Round "3.7"]
[White "Veltkamp, Gerben"]
[Black "Spaan, Nathanael"]
[Result "0-1"]
[WhiteElo "2186"]
[BlackElo "2188"]
[PlyCount "90"]
[EventDate "2013.09.22"]
[EventType "team-tourn"]
[EventRounds "11"]
[EventCountry "BEL"]
[SourceTitle "CBM 156 Extra"]
[Source "ChessBase"]
[SourceDate "2013.10.22"]
[SourceVersion "1"]
[SourceVersionDate "2013.10.22"]
[SourceQuality "1"]
[WhiteTeam "Borgerhout"]
[BlackTeam "Anderlecht"]
[WhiteTeamCountry "BEL"]
[BlackTeamCountry "BEL"]

1. e4 c5 2. c3 d5 3. exd5 Qxd5 4. d4 Nf6 5. Be3 cxd4 6. cxd4 Bg4 7. Ne2 Nc6 8. Nbc3 Qd7 9. d5 Nb4 10. h3 Bh5 11. g4 Bg6 12. Nf4 Nc2+ 13. Kd2 Nxe3 14. Kxe3 a6 15. g5 Ng8 16. Qa4 Qxa4 17. Nxa4 Bf5 18. Bg2 0-0-0 19. Rac1+ Kb8 20. Rhd1 h6 21. h4 Rd6 22. Be4 Bxe4 23. Kxe4 g6 24. Nd3 Bg7 25. Ne5 Bxe5 26. Kxe5 hxg5 27. hxg5 f6+ 28. Kd4 Rh4+ 29. Ke3 Rxa4 30. Rh1 fxg5 31. Rh8 Rd8 32. Rch1 Ra5 33. d6 exd6 34. R1h7 Re5+ 35. Kd4 Rde8 36. Rf7 Nf6 37. Rh6 Rd5+ 38. Kc3 Rc8+ 39. Kb3 Ne4 40. a4 Rd3+ 41. Ka2 Rc4 42. b3 Rc2+ 43. Ka3 Rcc3 44. Kb4 Rxb3+ 45. Ka5 Rd5# 0-1

[Event "BEL-chT 1213"]
[Site "Belgium"]
[Date "2013.03.03"]
[Round "10.7"]
[White "Van Herck, Marcel"]
[Black "Spaan, Nathanael"]
[Result "1/2-1/2"]
[WhiteElo "2107"]
[BlackElo "2205"]
[PlyCount "111"]
[EventDate "2012.09.23"]
[EventType "team-tourn"]
[EventRounds "11"]
[EventCountry "BEL"]
[SourceTitle "EXT 2014"]
[Source "ChessBase"]
[SourceDate "2013.11.20"]
[SourceVersion "1"]
[SourceVersionDate "2013.11.20"]
[SourceQuality "1"]
[WhiteTeam "Deurne"]
[BlackTeam "Anderlecht"]
[WhiteTeamCountry "BEL"]
[BlackTeamCountry "BEL"]

1. e4 c5 2. Nf3 d6 3. d4 cxd4 4. Nxd4 Nf6 5. Nc3 a6 6. Bg5 e6 7. Qe2 Be7 8. h4 h6 9. Be3 b5 10. a3 Bb7 11. f3 Nbd7 12. g4 d5 13. exd5 Nxd5 14. Nxd5 Bxd5 15. 0-0-0 Qc7 16. Nf5 Bf6 17. Rh3 Qe5 18. Nd4 g5 19. hxg5 hxg5 20. Rxh8+ Bxh8 21. Qd2 Bxf3 22. Re1 Bd5 23. c3 Nc5 24. Bf2 Be4 25. Bg2 Qd5 26. Bxe4 Nxe4 27. Qe2 Nxf2 28. Qxf2 Bxd4 29. cxd4 Rc8+ 30. Kb1 Ke7 31. Rf1 Qe4+ 32. Ka1 Qg6 33. d5 exd5 34. Qd4 Qe6 35. Rf5 Rc1+ 36. Ka2 Re1 37. Qa7+ Kf8 38. Qb8+ Ke7 39. Qc7+ Ke8 40. Qb8+ Ke7 41. Qc7+ Kf8 42. Qd8+ Qe8 43. Qxg5 Qc6 44. Qd8+ Re8 45. Qxd5 Qxd5+ 46. Rxd5 Re4 47. g5 Ke7 48. Rf5 Re6 49. Kb3 Kf8 50. Kb4 Kg7 51. Ka5 Kg6 52. Rc5 Rd6 53. b4 Re6 54. Rd5 Kg7 55. Rf5 Rg6 56. Rd5 1/2-1/2

[Event "BEL-chT 1213"]
[Site "Belgium"]
[Date "2013.02.03"]
[Round "8.5"]
[White "Marechal, Andy"]
[Black "Spaan, Nathanael"]
[Result "1-0"]
[WhiteElo "2346"]
[BlackElo "2205"]
[PlyCount "105"]
[EventDate "2012.09.23"]
[EventType "team-tourn"]
[EventRounds "11"]
[EventCountry "BEL"]
[SourceTitle "EXT 2014"]
[Source "ChessBase"]
[SourceDate "2013.11.20"]
[SourceVersion "1"]
[SourceVersionDate "2013.11.20"]
[SourceQuality "1"]
[WhiteTeam "Fontaine"]
[BlackTeam "Anderlecht"]
[WhiteTeamCountry "BEL"]
[BlackTeamCountry "BEL"]

1. e4 c5 2. Nc3 Nc6 3. Bb5 g6 4. Bxc6 dxc6 5. f4 Bg7 6. Nf3 Bg4 7. h3 Bxf3 8. Qxf3 h5 9. 0-0 Qd4+ 10. Kh1 Nf6 11. d3 Ng4 12. Ne2 Qd7 13. Qg3 Nf6 14. Be3 b6 15. a4 c4 16. Nc3 cxd3 17. Rad1 Qe6 18. cxd3 h4 19. Qf3 Rd8 20. Rfe1 Qb3 21. Qf2 Nh5 22. d4 Ng3+ 23. Kh2 f5 24. e5 0-0 25. Rc1 Rc8 26. Qf3 Rfd8 27. Bf2 e6 28. Red1 Kf7 29. Ne4 Qxf3 30. Ng5+ Ke7 31. Nxf3 Bh6 32. Bxg3 hxg3+ 33. Kxg3 Rd5 34. Rc4 Kd7 35. Rdc1 b5 36. axb5 Rxb5 37. Ra1 Rc7 38. Rca4 Rxb2 39. Rxa7 Rcb7 40. Rxb7+ Rxb7 41. Ra8 c5 42. dxc5 Rb4 43. Ng5 Bxg5 44. fxg5 Re4 45. Rg8 Rxe5 46. Rxg6 Rxc5 47. h4 e5 48. h5 Rc3+ 49. Kh2 Rc4 50. h6 Rh4+ 51. Kg1 Ke7 52. Ra6 e4 53. h7 1-0

[Event "BEL-chT 1213"]
[Site "Belgium"]
[Date "2013.01.13"]
[Round "7.7"]
[White "Spaan, Nathanael"]
[Black "Coenen, Norbert"]
[Result "1/2-1/2"]
[WhiteElo "2205"]
[BlackElo "2327"]
[PlyCount "102"]
[EventDate "2012.09.23"]
[EventType "team-tourn"]
[EventRounds "11"]
[EventCountry "BEL"]
[SourceTitle "EXT 2015"]
[Source "ChessBase"]
[SourceDate "2014.11.20"]
[SourceVersion "1"]
[SourceVersionDate "2014.11.20"]
[SourceQuality "1"]
[WhiteTeam "Anderlecht"]
[BlackTeam "Eynatten"]
[WhiteTeamCountry "BEL"]
[BlackTeamCountry "BEL"]

1. e4 c5 2. Nf3 e6 3. d4 cxd4 4. Nxd4 Nf6 5. Nc3 d6 6. Be2 Be7 7. 0-0 Nc6 8. Be3 Bd7 9. f4 Nxd4 10. Bxd4 Bc6 11. Bd3 0-0 12. Qe2 Nd7 13. Rad1 Qa5 14. Bc4 Bf6 15. Kh1 Rad8 16. Bb3 a6 17. Rd2 b5 18. a3 Qc7 19. Rfd1 Bxd4 20. Rxd4 Nc5 21. Qd2 Qb7 22. e5 d5 23. Ba2 Rc8 24. b4 Ne4 25. Nxe4 dxe4 26. Qe3 g6 27. c4 bxc4 28. Bxc4 Rc7 29. h3 Rfc8 30. Rd8+ Kg7 31. f5 exf5 32. Qg5 Rxd8 33. Qf6+ Kh6 34. Qh4+ Kg7 35. Qf6+ Kh6 36. Rxd8 Rc8 37. Qh4+ Kg7 38. Qf6+ Kh6 39. Rxc8 Qxc8 40. Qxf7 Bb5 41. Bxb5 axb5 42. e6 Qc1+ 43. Kh2 Qf4+ 44. Kg1 Qe3+ 45. Kh1 Qc1+ 46. Kh2 Qf4+ 47. Kg1 e3 48. e7 e2 49. e8Q Qf1+ 50. Kh2 Qf4+ 51. Kh1 Qf1+ 1/2-1/2

[Event "Leiden LCT op-A 6th"]
[Site "Leiden"]
[Date "2012.07.10"]
[Round "5"]
[White "Kolodkin, Daniil"]
[Black "Spaan, Nathanael"]
[Result "1/2-1/2"]
[WhiteElo "1885"]
[BlackElo "2206"]
[PlyCount "53"]
[EventDate "2012.07.06"]
[EventType "swiss"]
[EventRounds "9"]
[EventCountry "NED"]
[SourceTitle "CBM 149 Extra"]
[Source "ChessBase"]
[SourceDate "2012.08.24"]
[SourceVersion "1"]
[SourceVersionDate "2012.08.24"]
[SourceQuality "1"]

1. e4 c5 2. Nf3 d6 3. d4 cxd4 4. Nxd4 Nf6 5. Nc3 a6 6. g3 e5 7. Nb3 Nbd7 8. a4 Be7 9. Bg2 0-0 10. 0-0 b6 11. Nd2 Qc7 12. Re1 Bb7 13. Nf1 Rfe8 14. Ne3 Bf8 15. Re2 Nc5 16. Ncd5 Nxd5 17. Nxd5 Bxd5 18. Qxd5 Qd7 19. b3 Qe6 20. Qxe6 Nxe6 21. Be3 Reb8 22. Rd2 Be7 23. Bf1 Nc5 24. f3 a5 25. Bc4 Ra7 26. Bxc5 bxc5 27. Kf2 1/2-1/2

[Event "BEL-chT 1112"]
[Site "Belgium"]
[Date "2012.04.01"]
[Round "11.5"]
[White "Spaan, Nathanael"]
[Black "Le Quang, Kim"]
[Result "1-0"]
[WhiteElo "2209"]
[BlackElo "2326"]
[PlyCount "115"]
[EventDate "2011.10.09"]
[EventType "team-tourn"]
[EventRounds "11"]
[EventCountry "BEL"]
[SourceTitle "EXT 2013"]
[Source "ChessBase"]
[SourceDate "2012.11.22"]
[SourceVersion "1"]
[SourceVersionDate "2012.11.22"]
[SourceQuality "1"]
[WhiteTeam "Anderlecht"]
[BlackTeam "Fontaine"]
[WhiteTeamCountry "BEL"]
[BlackTeamCountry "BEL"]

1. e4 c5 2. Nf3 e6 3. d4 cxd4 4. Nxd4 Nc6 5. Be3 Nf6 6. Nc3 Bb4 7. Bd3 d5 8. Nxc6 bxc6 9. exd5 Nxd5 10. Bd2 Nxc3 11. bxc3 Bd6 12. Qh5 g6 13. Qf3 Bd7 14. h4 Be5 15. Be4 0-0 16. Rd1 f5 17. Bxc6 Bxc6 18. Qxc6 Qc8 19. Qf3 Qc4 20. Qe2 Qxe2+ 21. Kxe2 Rac8 22. h5 gxh5 23. Rxh5 Rf7 24. Rh3 Rg7 25. Re3 Rc5 26. g3 Kf7 27. Be1 Kf6 28. f4 Bc7 29. c4 Ba5 30. Rd6 Re7 31. Bxa5 Rxa5 32. a3 Kf7 33. Kd2 Rc5 34. Kc3 h5 35. Red3 Rcc7 36. Rd8 e5 37. fxe5 Rxe5 38. R8d7+ Re7 39. Rxc7 Rxc7 40. Rd6 Kg7 41. Kd4 Re7 42. c5 f4 43. gxf4 h4 44. f5 Re2 45. Rg6+ Kf7 46. Rh6 Rxc2 47. Kd5 Rf2 48. Rxh4 Rxf5+ 49. Kd6 Rf6+ 50. Kd7 Rf3 51. Rd4 Kf6 52. c6 Ke5 53. Rd1 Rf7+ 54. Kc8 Rf8+ 55. Kb7 Rf3 56. c7 Rb3+ 57. Kc6 Rc3+ 58. Kd7 1-0

[Event "BEL-chT 1112"]
[Site "Belgium"]
[Date "2011.10.09"]
[Round "1.6"]
[White "Coenen, Michael"]
[Black "Spaan, Nathanael"]
[Result "0-1"]
[WhiteElo "2326"]
[BlackElo "2209"]
[PlyCount "122"]
[EventDate "2011.10.09"]
[EventType "team-tourn"]
[EventRounds "11"]
[EventCountry "BEL"]
[SourceTitle "EXT 2012"]
[Source "ChessBase"]
[SourceDate "2011.11.24"]
[SourceVersion "1"]
[SourceVersionDate "2011.11.24"]
[SourceQuality "1"]
[WhiteTeam "Eupen Rochade"]
[BlackTeam "Anderlecht"]
[WhiteTeamCountry "BEL"]
[BlackTeamCountry "BEL"]

1. e4 c5 2. Nf3 d6 3. d4 cxd4 4. Nxd4 Nf6 5. Nc3 a6 6. Be3 e5 7. Nb3 Be7 8. f3 Be6 9. g4 d5 10. g5 d4 11. gxf6 Bxf6 12. Bf2 dxc3 13. Qxd8+ Bxd8 14. bxc3 Nd7 15. 0-0-0 Rc8 16. Kb2 Rc6 17. h4 Bb6 18. Be1 Ke7 19. h5 Rhc8 20. Bh3 Bxh3 21. Rxh3 Be3 22. Bh4+ f6 23. Rd3 Nb6 24. Be1 Nc4+ 25. Ka1 Bf4 26. Rh1 R6c7 27. Bf2 b6 28. Rhd1 a5 29. a4 Rb8 30. Rd5 Be3 31. Bh4 g5 32. hxg6 hxg6 33. Rh1 Ke6 34. Bg3 Rbb7 35. Rd8 Rh7 36. Re8+ Rbe7 37. Rxh7 Rxe8 38. Ka2 Rd8 39. Rc7 Nd6 40. Rg7 g5 41. Rh7 g4 42. fxg4 Nxe4 43. Bh4 Nxc3+ 44. Ka3 Rc8 45. Be1 Nd5 46. Kb2 Rc4 47. g5 Bxg5 48. Rh8 Ne3 49. Rb8 Rxc2+ 50. Kb1 Rc6 51. Bxa5 bxa5 52. Nxa5 Rd6 53. Nb3 Nd5 54. a5 Be3 55. Kc2 e4 56. Kd1 f5 57. Re8+ Ne7+ 58. Ke2 f4 59. Rh8 Nf5 60. Rg8 f3+ 61. Ke1 Ke5 0-1

[Event "Reykjavik op"]
[Site "Reykjavik"]
[Date "2011.03.15"]
[Round "8"]
[White "Spaan, Nathanael"]
[Black "Thorsteinsdottir, Hallgerdur"]
[Result "0-1"]
[WhiteElo "2228"]
[BlackElo "2011"]
[PlyCount "62"]
[EventDate "2011.03.09"]
[EventType "swiss"]
[EventRounds "9"]
[EventCountry "ISL"]
[SourceTitle "CBM 141 Extra"]
[Source "ChessBase"]
[SourceDate "2011.05.03"]
[SourceVersion "1"]
[SourceVersionDate "2011.05.03"]
[SourceQuality "1"]

1. e4 c6 2. d4 d5 3. e5 Bf5 4. Nc3 e6 5. g4 Bg6 6. Nge2 c5 7. Be3 Nc6 8. dxc5 h5 9. Nd4 Qc7 10. f4 hxg4 11. Qd2 Nh6 12. 0-0-0 a6 13. Na4 Nxd4 14. Bxd4 Nf5 15. Bg2 Nxd4 16. Qxd4 b5 17. Bxd5 exd5 18. Nb6 Rd8 19. Nxd5 Qc8 20. c6 Qxc6 21. Nf6+ Qxf6 22. exf6 Rxd4 23. Rxd4 gxf6 24. Re1+ Be7 25. Re2 Bf5 26. a4 Be6 27. axb5 axb5 28. f5 Bxf5 29. Rd5 Bd7 30. Rc5 Rxh2 31. Re3 g3 0-1

[Event "Reykjavik op"]
[Site "Reykjavik"]
[Date "2011.03.13"]
[Round "6.38"]
[White "Spaan, Nathanael"]
[Black "Stanford, Maxim Barth"]
[Result "0-1"]
[WhiteElo "2228"]
[BlackElo "2385"]
[PlyCount "155"]
[EventDate "2011.03.09"]
[EventType "swiss"]
[EventRounds "9"]
[EventCountry "ISL"]
[SourceTitle "CBM 141 Extra"]
[Source "ChessBase"]
[SourceDate "2011.05.03"]
[SourceVersion "1"]
[SourceVersionDate "2011.05.03"]
[SourceQuality "1"]

1. e4 c5 2. Nf3 Nc6 3. Nc3 Nf6 4. d4 cxd4 5. Nxd4 e5 6. Ndb5 d6 7. Nd5 Nxd5 8. exd5 Nb8 9. c4 Be7 10. Be2 a6 11. Nc3 0-0 12. 0-0 Nd7 13. Be3 f5 14. f4 Bf6 15. Qd2 b6 16. g3 g6 17. b4 Bb7 18. Rac1 Re8 19. Rfe1 a5 20. Nb5 exf4 21. gxf4 Qb8 22. a3 axb4 23. axb4 Bh4 24. Red1 Ba6 25. Nd4 Nf6 26. Ne6 Bc8 27. Bf3 Ra3 28. Ra1 Rb3 29. Rdb1 Rxb1+ 30. Rxb1 Qb7 31. Qg2 Nd7 32. Bd4 Bf6 33. Bxf6 Nxf6 34. Ra1 Bxe6 35. dxe6 Qg7 36. Ra6 Ne4 37. Bxe4 Qd4+ 38. Qf2 Qxe4 39. Rxb6 Qxc4 40. Rb7 Qc1+ 41. Kg2 Qc6+ 42. Qf3 Qc2+ 43. Kg3 Rxe6 44. Rd7 Qc8 45. Ra7 Re4 46. Qb3+ Qc4 47. Qxc4+ Rxc4 48. Rd7 Rxb4 49. Rxd6 Kg7 50. Rd3 Kh6 51. Ra3 Kh5 52. h3 h6 53. Rf3 Rb5 54. Rc3 g5 55. Rf3 Ra5 56. Rf2 Ra3+ 57. Kg2 g4 58. hxg4+ Kxg4 59. Rb2 h5 60. Kh2 Rf3 61. Rb8 Rf2+ 62. Kg1 Ra2 63. Kf1 h4 64. Rg8+ Kxf4 65. Rh8 Kf3 66. Kg1 f4 67. Re8 Re2 68. Rh8 Rd2 69. Re8 Rd1+ 70. Kh2 Kf2 71. Re4 f3 72. Re8 Kf1 73. Kh1 f2 74. Kh2 Rd2 75. Re7 Re2 76. Ra7 Re3 77. Ra1+ Ke2 78. Ra2+ 0-1

[Event "Reykjavik op"]
[Site "Reykjavik"]
[Date "2011.03.10"]
[Round "2.30"]
[White "Spaan, Nathanael"]
[Black "Sammalvuo, Tapani"]
[Result "0-1"]
[WhiteElo "2228"]
[BlackElo "2471"]
[PlyCount "94"]
[EventDate "2011.03.09"]
[EventType "swiss"]
[EventRounds "9"]
[EventCountry "ISL"]
[SourceTitle "CBM 141 Extra"]
[Source "ChessBase"]
[SourceDate "2011.05.03"]
[SourceVersion "1"]
[SourceVersionDate "2011.05.03"]
[SourceQuality "1"]

1. e4 e6 2. d4 d5 3. Nc3 Bb4 4. e5 c5 5. a3 Bxc3+ 6. bxc3 Qc7 7. Qg4 f5 8. Qh5+ g6 9. Qd1 Bd7 10. Nf3 Ba4 11. Bd3 cxd4 12. 0-0 dxc3 13. Nd4 Qd7 14. Rb1 Nc6 15. Bb5 Bxb5 16. Nxb5 Kf8 17. a4 h6 18. Ba3+ Nge7 19. f4 Kg7 20. Rf3 d4 21. Rxc3 Nd5 22. Nxd4 Rhd8 23. Rd3 Na5 24. Rb5 Nc4 25. Bc1 Kf7 26. Nxe6 Kxe6 27. Rbxd5 Qxd5 28. Rxd5 Rxd5 29. Qe2 Rd4 30. g4 Rad8 31. gxf5+ gxf5 32. Qh5 Rd1+ 33. Kf2 Rxc1 34. Qg6+ Kd5 35. Qf7+ Kd4 36. e6 Rxc2+ 37. Kg3 Kc3 38. Qf6+ Rd4 39. e7 Re2 40. h3 Nd6 41. Kh4 Kc4 42. Kh5 Kd5 43. Qf8 Rde4 44. Qg8+ Kc6 45. Qb3 Rxe7 46. Qc3+ Kd7 47. a5 R2e3 0-1

[Event "Marianske Lazne op"]
[Site "Marianske Lazne"]
[Date "2010.01.21"]
[Round "7"]
[White "Opl, Klaus"]
[Black "Spaan, Nathanael"]
[Result "1/2-1/2"]
[WhiteElo "2360"]
[BlackElo "2199"]
[PlyCount "70"]
[EventDate "2010.01.16"]
[EventType "swiss"]
[EventRounds "9"]
[EventCountry "CZE"]
[SourceTitle "CBM 134 Extra"]
[Source "ChessBase"]
[SourceDate "2010.03.03"]
[SourceVersion "1"]
[SourceVersionDate "2010.03.03"]
[SourceQuality "1"]

1. d4 Nf6 2. c4 e6 3. Nc3 Bb4 4. e3 b6 5. Bd3 Bb7 6. Nf3 Ne4 7. 0-0 Bxc3 8. bxc3 f5 9. Ne1 0-0 10. f3 Nf6 11. Qe2 Nc6 12. c5 Qe7 13. Rb1 d6 14. cxd6 cxd6 15. Ba3 Nd5 16. Qd2 f4 17. Nc2 fxe3 18. Nxe3 Qg5 19. Rbe1 Rad8 20. Kh1 Rf6 21. Rf2 Nf4 22. Ng4 Rf7 23. Be4 h5 24. Ne3 d5 25. Bd3 Nxd3 26. Qxd3 e5 27. dxe5 Nxe5 28. Qd2 Ba6 29. f4 Rxf4 30. Nxd5 Ng6 31. Ne7+ Qxe7 32. Bxe7 Rxd2 33. Rxd2 Nxe7 34. g3 Rf7 35. Kg1 Ng6 1/2-1/2

[Event "Imperia op-A 50th"]
[Site "Imperia"]
[Date "2008.08.31"]
[Round "1"]
[White "Jirovsky, Milos"]
[Black "Spaan, Nathanael"]
[Result "1/2-1/2"]
[WhiteElo "2492"]
[BlackElo "2153"]
[PlyCount "55"]
[EventDate "2008.08.31"]
[EventType "swiss"]
[EventRounds "9"]
[EventCountry "ITA"]
[SourceTitle "MCD"]
[Source "ChessBase"]
[SourceDate "1999.07.01"]
[SourceVersion "1"]
[SourceVersionDate "1999.07.01"]
[SourceQuality "1"]

1. Nf3 Nf6 2. c4 e6 3. g3 b6 4. Bg2 Bb7 5. 0-0 Be7 6. d4 0-0 7. Nc3 Ne4 8. Qc2 Nxc3 9. Qxc3 d6 10. b3 Nd7 11. Bb2 Nf6 12. d5 exd5 13. Nh4 d4 14. Qxd4 Bxg2 15. Kxg2 Nh5 16. Qg4 Bxh4 17. gxh4 g6 18. Rad1 f5 19. Qd4 Qf6 20. Qd5+ Qf7 21. Qf3 Rae8 22. Rd4 Re5 23. Kh1 Rfe8 24. e3 Re4 25. Rg1 Kf8 26. Rd5 Ke7 27. Rg5 Rxh4 28. Rd4 1/2-1/2